Statistiken für Vorname als Nachname als Vorname #3

Klicken Sie hier um das Quiz zu spielen!

Allgemein

  • Dieses Quiz wurde 145 mal gespielt
  • Das Durchschnittsergebnis liegt bei 8 aus 14

Antwortstatistiken

Vorname? Name ?Nachname% Korrekt
MegRyanReynolds
85%
WoodyAllenGinsberg
79%
JesseJamesJoyce
75%
JamieOliverCromwell
64%
BruceLeeHarvey Oswald
63%
CarlLewisHamilton
60%
DickClarkGable
59%
BuddyHollyHunter
58%
RalphLaurenBacall
48%
LucasTillLindemann
39%
RonJeremyIrons
38%
GeneKellyOsbourne
30%
MartinLutherVandross
30%
HeatherGrahamGreene
23%

Verteilung der Resultate

Perzentil nach korrekt beantworteten Fragen

Anzahl Personen mit jedem Resultat

Ihre Resultats-Entwicklung

Sie haben dieses Quiz noch nicht gespielt